<?xml version="1.0" encoding="UTF-8"?>
<record
    xmlns:xsi="http://www.w3.org/2001/XMLSchema-instance"
    xsi:schemaLocation="http://www.loc.gov/MARC21/slim http://www.loc.gov/standards/marcxml/schema/MARC21slim.xsd"
    xmlns="http://www.loc.gov/MARC21/slim">

  <leader>04608cam a2200721 i 4500</leader>
  <controlfield tag="001">0008116496</controlfield>
  <controlfield tag="003">OSt</controlfield>
  <controlfield tag="005">20260528201325.0</controlfield>
  <controlfield tag="007">ta</controlfield>
  <controlfield tag="008">251208s2026    fr            000 f fre d</controlfield>
  <datafield tag="020" ind1=" " ind2=" ">
    <subfield code="a">9782702192979</subfield>
    <subfield code="q">(broch)&#x30C;</subfield>
  </datafield>
  <datafield tag="024" ind1="3" ind2=" ">
    <subfield code="a">9782702192979</subfield>
  </datafield>
  <datafield tag="040" ind1=" " ind2=" ">
    <subfield code="a">BTLF</subfield>
    <subfield code="b">fre</subfield>
    <subfield code="e">rda</subfield>
    <subfield code="c">BTLF</subfield>
    <subfield code="d">SQTD</subfield>
    <subfield code="d">SDM</subfield>
    <subfield code="d">SQTD</subfield>
    <subfield code="d">QMBND</subfield>
  </datafield>
  <datafield tag="082" ind1="0" ind2="5">
    <subfield code="a">848.92</subfield>
    <subfield code="b">M9897c</subfield>
    <subfield code="2">23/fre/202603</subfield>
  </datafield>
  <datafield tag="082" ind1="0" ind2="5">
    <subfield code="a">M 9896cdp</subfield>
    <subfield code="b">M9897c</subfield>
    <subfield code="2">23/fre/202603</subfield>
  </datafield>
  <datafield tag="091" ind1="0" ind2=" ">
    <subfield code="a">Musso</subfield>
  </datafield>
  <datafield tag="100" ind1="1" ind2=" ">
    <subfield code="a">Musso, Guillaume,</subfield>
    <subfield code="d">1974-</subfield>
    <subfield code="e">auteur</subfield>
  </datafield>
  <datafield tag="245" ind1="1" ind2="3">
    <subfield code="a">Le crime du paradis :</subfield>
    <subfield code="b">roman /</subfield>
    <subfield code="c">Guillaume Musso.</subfield>
  </datafield>
  <datafield tag="264" ind1=" " ind2="1">
    <subfield code="a">Paris :</subfield>
    <subfield code="b">Calmann-Lv&#x30C;y,</subfield>
    <subfield code="c">2026.</subfield>
  </datafield>
  <datafield tag="264" ind1=" " ind2="4">
    <subfield code="c">&#x266D;2026</subfield>
  </datafield>
  <datafield tag="300" ind1=" " ind2=" ">
    <subfield code="a">475 pages ;</subfield>
    <subfield code="c">23 cm</subfield>
  </datafield>
  <datafield tag="336" ind1=" " ind2=" ">
    <subfield code="a">texte</subfield>
    <subfield code="b">txt</subfield>
    <subfield code="2">rdacontent</subfield>
  </datafield>
  <datafield tag="337" ind1=" " ind2=" ">
    <subfield code="a">sans m&#x10F;iation</subfield>
    <subfield code="b">n</subfield>
    <subfield code="2">rdamedia</subfield>
  </datafield>
  <datafield tag="338" ind1=" " ind2=" ">
    <subfield code="a">volume</subfield>
    <subfield code="b">nc</subfield>
    <subfield code="2">rdacarrier</subfield>
  </datafield>
  <datafield tag="520" ind1=" " ind2=" ">
    <subfield code="a">Une histoire sombre et splendide dans une C&#xF4;te d&#x2019;Azur magn&#xE9;tique et sensuelle . Florence et Julian Livingstone, un couple d&#x2019;Am&#xE9;ricains fortun&#xE9;s, r&#xE9;unissent chaque &#xE9;t&#xE9; un petit cercle d&#x2019;amis dans leur somptueuse maison du cap d&#x2019;Antibes, la Villa Starlight. Mais ce monde idyllique s&#x2019;effondre la nuit o&#xF9; Oscar, leur fils de trois ans, est enlev&#xE9; dans des conditions myst&#xE9;rieuses. . Alors que l&#x2019;affaire passionne le monde entier et que la peur se r&#xE9;pand, le policier charg&#xE9; de l&#x2019;enqu&#xEA;te se heurte &#xE0; un mur de mensonges et de secrets. Son chemin va croiser celui de la jeune romanci&#xE8;re Agatha Harding qui esp&#xE8;re s&#x2019;emparer du drame pour &#xE9;crire un best-seller&#x2026;.</subfield>
  </datafield>
  <datafield tag="650" ind1=" " ind2="6">
    <subfield code="a">Policiers</subfield>
    <subfield code="v">Romans, nouvelles, etc.</subfield>
  </datafield>
  <datafield tag="650" ind1=" " ind2="6">
    <subfield code="a">Romancir&#x308;es</subfield>
    <subfield code="v">Romans, nouvelles, etc.</subfield>
  </datafield>
  <datafield tag="650" ind1=" " ind2="6">
    <subfield code="a">Vacances</subfield>
    <subfield code="z">France</subfield>
    <subfield code="z">Antibes, Cap d'</subfield>
    <subfield code="v">Romans, nouvelles, etc.</subfield>
  </datafield>
  <datafield tag="650" ind1=" " ind2="6">
    <subfield code="a">Roman</subfield>
    <subfield code="x">Art d'&#x10D;rire</subfield>
    <subfield code="v">Romans, nouvelles, etc.</subfield>
  </datafield>
  <datafield tag="650" ind1=" " ind2="6">
    <subfield code="a">Enlv&#x308;ement de mineurs</subfield>
    <subfield code="x">Enqut&#x30A;es</subfield>
    <subfield code="v">Romans, nouvelles, etc.</subfield>
  </datafield>
  <datafield tag="650" ind1=" " ind2="6">
    <subfield code="a">Enfants disparus</subfield>
    <subfield code="x">Enqut&#x30A;es</subfield>
    <subfield code="v">Romans, nouvelles, etc.</subfield>
  </datafield>
  <datafield tag="650" ind1=" " ind2="6">
    <subfield code="a">Ann&#x11B;s vingt (Vingtim&#x308;e sic&#x308;le)</subfield>
    <subfield code="v">Romans, nouvelles, etc.</subfield>
  </datafield>
  <datafield tag="651" ind1=" " ind2="6">
    <subfield code="a">Antibes, Cap d' (France)</subfield>
    <subfield code="v">Romans, nouvelles, etc.</subfield>
  </datafield>
  <datafield tag="655" ind1=" " ind2="7">
    <subfield code="a">Romans  s&#x309;uspense</subfield>
    <subfield code="2">rvmgf</subfield>
  </datafield>
  <datafield tag="655" ind1=" " ind2="7">
    <subfield code="a">Romans policiers</subfield>
    <subfield code="2">rvmgf</subfield>
  </datafield>
  <datafield tag="655" ind1=" " ind2="7">
    <subfield code="a">Romans fran&#x227;is</subfield>
    <subfield code="y">21e sic&#x308;le</subfield>
    <subfield code="2">local</subfield>
  </datafield>
  <datafield tag="942" ind1=" " ind2=" ">
    <subfield code="2">ddc</subfield>
    <subfield code="c">ROM ADULTE</subfield>
  </datafield>
  <datafield tag="999" ind1=" " ind2=" ">
    <subfield code="c">18859</subfield>
    <subfield code="d">18859</subfield>
  </datafield>
  <datafield tag="952" ind1=" " ind2=" ">
    <subfield code="0">0</subfield>
    <subfield code="1">0</subfield>
    <subfield code="2">ddc</subfield>
    <subfield code="4">0</subfield>
    <subfield code="7">0</subfield>
    <subfield code="a">HENRYVILLE</subfield>
    <subfield code="b">HENRYVILLE</subfield>
    <subfield code="d">2026-05-28</subfield>
    <subfield code="l">0</subfield>
    <subfield code="o">M 9897cdp</subfield>
    <subfield code="p">30001030026704</subfield>
    <subfield code="r">2026-05-28 20:14:09</subfield>
    <subfield code="w">2026-05-28</subfield>
    <subfield code="y">ROM ADULTE</subfield>
  </datafield>
</record>
